Colonial and contemporary Bihar and Jharkhand / (Record no. 89147)

MARC details
000 -LEADER
fixed length control field 00722nam a22002177a 4500
005 - DATE AND TIME OF LATEST TRANSACTION
control field 20141015110300.0
010 ## - LCCN (DPL NO)
LC control number ENG-111001
020 ## - INTERNATIONAL STANDARD BOOK NUMBER
International Standard Book Number 9789380607924
Terms of availability 995.00
035 ## - SYSTEM CONTROL NUMBER
System control number EN-94533
037 ## - SOURCE OF ACQUISITION
Source of stock number/acquisition DBAD/PUB
082 ## - DEWEY DECIMAL CLASSIFICATION NUMBER
Classification number 954.123
245 ## - TITLE STATEMENT
Title Colonial and contemporary Bihar and Jharkhand /
Statement of responsibility, etc edited by Lata Singh [and] Biswamoy Pati
260 ## - PUBLICATION, DISTRIBUTION, ETC. (IMPRINT)
Place of publication, distribution, etc New Delhi
Name of publisher, distributor, etc Primus Books
Date of publication, distribution, etc 2014
270 ## - ADDRESS
Address Virat Bhavan, Mukherjee Nagar Commercial Complex
City New Delhi
Postal code 110009
300 ## - PHYSICAL DESCRIPTION
Extent viii,256p. :
Dimensions 25cm(Hb)
Other physical details map
500 ## - GENERAL NOTE
General note Contributed articles.
500 ## - GENERAL NOTE
General note Includes bibliographical references and index.
700 ## - ADDED ENTRY--PERSONAL NAME
Personal name Pati,Biswamoy
700 ## - ADDED ENTRY--PERSONAL NAME
Personal name Singh, Lata
942 ## - ADDED ENTRY ELEMENTS (KOHA)
Source of classification or shelving scheme Dewey Decimal Classification
Item type English Books
Call number suffix COL
Classification part 954.123
Holdings
Withdrawn status Lost status Not for loan Collection code Home library Current library Date acquired Source of acquisition Cost, normal purchase price Full call number Barcode Copy number Cost, replacement price Koha item type
    Not For Loan Non-fiction D.B.Act.Division D.B.Act.Division 07/10/2014 DBAD/PUB 995.00 954.123 COL EN-94533 1 995.00 English Books

© Delhi Public Library
Hit Counter
free hit counter